01184nam a2200289 a 450000100060000000300080000600500170001400800410003103500190007204000430009104100080013408200250014210000300016724500940019726000460029130000330033749000490037050000790041965100410049865100600053970000240059971000540062383000580067794200120073599900170074795201300076442705BD-RjUL20211209053559.0160615s1956 enk 000 0 eng d a(BD-RjUL)42823 aMHcDZMdm.cdEUXdUkOxUdBD-RjULbeng aeng 223a940.53bBAF 19561 aBalfour, Michael,913126310aFour-power control in Germany and Austria, 1945-1946 /cby, Michael Balfour and John Mair aLondon :bOxford University Press,c1956. axii, 390 p. :bill ;c25 cm.1 aSurvey of international affairs ;v1939/1946 aIssued under the auspices of the Royal Institute of International Affairs. 0aGermanyxHistoryy1945-1955.9125272 0aAustriaxHistoryyAllied occupation, 1945-1955.913126412aMair, John.91312652 aRoyal Institute of International Affairs.9131266 0aSurvey of international affairs ;v1939/1946.9131526 2ddccBK c42705d42705 00102ddc40708NFICaRUCLbRUCLcStackd1970-05-09eZittengerl0o940.53 BAF 1956r2016-06-15 00:00:00tC-2w2021-12-09yBK